[Event "Dimitrovgrad Chmp. 2024 open"]
[Site "Dimitrovgrad"]
[Date "2024.03.30"]
[Round "1"]
[White "Alachihin, Vladimir"]
[Black "Abramov, Gordey P."]
[Result "1-0"]
[WhiteElo "2299"]
[BlackElo "1512"]
[PlyCount "77"]

1. d4 d5 2. Nf3 c6 3. c4 Nf6 4. Nc3 e6 5. Bg5 Be7 6. e3 Nbd7 7. Bd3 dxc4 8.
Bxc4 b5 9. Bd3 Bb7 10. e4 a6 11. e5 Nd5 12. Bxe7 Qxe7 13. Ne4 Qb4+ 14. Qd2 O-O
15. Rc1 Rab8 16. a3 Qxd2+ 17. Kxd2 f6 18. Nd6 Ba8 19. Be4 fxe5 20. Bxd5 cxd5
21. dxe5 Rbd8 22. Rc7 Nxe5 23. Nxe5 Rxd6 24. Rhc1 d4 25. Ra7 Rdd8 26. f3 Rf5
27. Re1 Bd5 28. Rxa6 Rc8 29. Rb6 Bc4 30. Rc6 Rxc6 31. Nxc6 Rc5 32. Nxd4 Rd5 33.
Kc3 e5 34. Nc6 Rd3+ 35. Kc2 Rd6 36. Nxe5 Re6 37. f4 Rf6 38. Nxc4 bxc4 39. Re4
1-0

[Event "Dimitrovgrad Chmp. 2024 open"]
[Site "Dimitrovgrad"]
[Date "2024.03.30"]
[Round "1"]
[White "Kiselev, Artem"]
[Black "Beldyugin, Alexey"]
[Result "0-1"]
[WhiteElo "1476"]
[BlackElo "2143"]
[PlyCount "46"]

1. d4 d6 2. Nf3 Nc6 3. c4 e5 4. dxe5 Nxe5 5. e3 Nf6 6. Nc3 g6 7. Be2 Bg7 8. O-O
O-O 9. Rb1 Bf5 10. Ra1 Ne4 11. Nxe4 Bxe4 12. h3 Qe7 13. Nxe5 Qxe5 14. Bf3 Rfd8
15. Qe2 d5 16. Rd1 dxc4 17. Qxc4 Bxf3 18. Rxd8+ Rxd8 19. gxf3 Rd1+ 20. Kg2 Qa5
21. b4 Qg5+ 22. Qg4 Qxg4+ 23. fxg4 Bxa1 0-1

[Event "Dimitrovgrad Chmp. 2024 open"]
[Site "Dimitrovgrad"]
[Date "2024.03.30"]
[Round "1"]
[White "Zaletov, Yuri"]
[Black "Shaykin, Andrey"]
[Result "1-0"]
[WhiteElo "2119"]
[BlackElo "1446"]
[PlyCount "47"]

1. e4 e5 2. Nf3 d6 3. d4 exd4 4. Nxd4 Be7 5. Nc3 Nf6 6. Be2 Bd7 7. Be3 Nc6 8.
f3 Nxd4 9. Qxd4 Bc6 10. O-O-O Qd7 11. g4 h6 12. h4 Nh7 13. g5 Rg8 14. f4 g6 15.
h5 gxh5 16. Rxh5 Bf8 17. gxh6 Be7 18. e5 Qe6 19. Qd3 Rh8 20. f5 Qd7 21. Qd4 f6
22. e6 Qd8 23. Qg4 Nf8 24. h7 1-0

[Event "Dimitrovgrad Chmp. 2024 open"]
[Site "Dimitrovgrad"]
[Date "2024.03.30"]
[Round "1"]
[White "Kuprikov, Alexey"]
[Black "Bredihin, Dmitriy"]
[Result "1/2-1/2"]
[WhiteElo "1416"]
[BlackElo "2111"]
[PlyCount "68"]

1. e4 c5 2. Nf3 d6 3. d4 cxd4 4. Nxd4 Nf6 5. Nc3 a6 6. Bd3 e6 7. Nf3 Nbd7 8.
Qe2 Qc7 9. Bf4 Nh5 10. Bd2 Be7 11. O-O O-O 12. Rad1 Nhf6 13. Bf4 Ne5 14. h3 b5
15. a3 Rb8 16. Na2 Bb7 17. Bxe5 dxe5 18. Nd2 Rfd8 19. c4 Rd4 20. cxb5 axb5 21.
f3 Nh5 22. Nb3 Nf4 23. Qc2 Qxc2 24. Bxc2 Rc4 25. Bb1 Ba6 26. Rd7 Bd8 27. Rfd1
Bb6+ 28. Kh2 g5 29. Nb4 Bc8 30. R7d6 Bc7 31. R6d2 Bb6 32. Rd6 Bc7 33. R6d2 Bb6
34. Rd6 Bc7 1/2-1/2

[Event "Dimitrovgrad Chmp. 2024 open"]
[Site "Dimitrovgrad"]
[Date "2024.03.30"]
[Round "1"]
[White "Volgarev, Denis"]
[Black "Tyamanov, Andrey"]
[Result "1-0"]
[WhiteElo "1930"]
[BlackElo "1250"]
[PlyCount "35"]

1. d4 d5 2. Nf3 Nc6 3. c4 Bf5 4. Nc3 Nf6 5. e3 Nb4 6. Qa4+ Nc6 7. Ne5 Qd6 8. c5
Qe6 9. Bb5 O-O-O 10. Nxc6 bxc6 11. Bxc6 a5 12. Qb5 Rd6 13. Qb7+ Kd8 14. cxd6
exd6 15. Qb8+ Ke7 16. Qxc7+ Nd7 17. Nxd5+ Ke8 18. Qc8# 1-0

[Event "Dimitrovgrad Chmp. 2024 open"]
[Site "Dimitrovgrad"]
[Date "2024.03.30"]
[Round "1"]
[White "Predke, Nikolay"]
[Black "Akimov, Gennadiy"]
[Result "0-1"]
[WhiteElo "1150"]
[BlackElo "1923"]
[PlyCount "102"]

1. e4 e5 2. Nf3 Nf6 3. Nc3 Nc6 4. d4 exd4 5. Nxd4 d6 6. Nxc6 bxc6 7. Be2 Be7 8.
O-O O-O 9. Bf4 h6 10. h3 Nh7 11. Re1 Bf6 12. Qd3 Rb8 13. Rab1 Be6 14. b3 Kh8
15. Na4 Bd7 16. Be3 c5 17. Nxc5 dxc5 18. Bxc5 Re8 19. Bxa7 Ra8 20. Bd4 Rxa2 21.
Bxf6 Nxf6 22. Rbd1 Qe7 23. Bf3 Be6 24. e5 Nh7 25. Re2 g6 26. Bd5 Rd8 27. Qc4
Ra5 28. Red2 Raxd5 29. Rxd5 Rxd5 30. Rxd5 Nf8 31. Qd3 Bxd5 32. Qxd5 Qd7 33. Qa8
Kg7 34. c4 Qd1+ 35. Kh2 Qxb3 36. Qc6 Qb6 37. Qxb6 cxb6 38. Kg3 Ne6 39. Kf3 Kf8
40. Ke4 Ke7 41. f4 Kd7 42. g4 Kc6 43. h4 Kc5 44. f5 Nf8 45. fxg6 fxg6 46. h5
gxh5 47. gxh5 Kxc4 48. e6 Nxe6 49. Kf5 Ng7+ 50. Kg6 Nxh5 51. Kxh5 b5 0-1

[Event "Dimitrovgrad Chmp. 2024 open"]
[Site "Dimitrovgrad"]
[Date "2024.03.30"]
[Round "1"]
[White "Rudnev, Yuri"]
[Black "Ataev, Gasan"]
[Result "1-0"]
[WhiteElo "1901"]
[BlackElo "1055"]
[PlyCount "81"]

1. e4 e5 2. Nf3 Nc6 3. Bb5 Nd4 4. Nxd4 exd4 5. O-O c6 6. Bc4 d5 7. exd5 cxd5 8.
Bb5+ Bd7 9. Re1+ Be7 10. Qg4 Nf6 11. Qxg7 Rg8 12. Bxd7+ Kxd7 13. Qxf7 Qf8 14.
Qe6+ Kd8 15. d3 Rc8 16. c3 Nh5 17. Qxd5+ Bd6 18. Qxh5 Rc5 19. Qh4+ Kc8 20. cxd4
Qf3 21. g3 Rh5 22. Qe4 Qf7 23. Qe6+ Qxe6 24. Rxe6 Kd7 25. Re2 Rd5 26. Be3 h5
27. Nc3 Rf5 28. Ne4 Be7 29. Rc1 h4 30. Rec2 Bd6 31. Nxd6 Kxd6 32. Rc5 Rf3 33.
Kg2 Rf7 34. Rh5 hxg3 35. hxg3 b6 36. d5 Rg4 37. Rc6+ Kd7 38. a3 b5 39. Ra6 Kc8
40. Rh8+ Kb7 41. Rxa7# 1-0

[Event "Dimitrovgrad Chmp. 2024 open"]
[Site "Dimitrovgrad"]
[Date "2024.03.30"]
[Round "1"]
[White "Guliev, Fahraddin"]
[Black "Merzlyakov, Alexandr"]
[Result "1-0"]
[WhiteElo "1807"]
[BlackElo "1000"]
[PlyCount "117"]

1. d4 d5 2. Nf3 Nf6 3. Bg5 e6 4. Ne5 Nc6 5. e3 Be7 6. Bb5 Bd7 7. Nxd7 Qxd7 8.
O-O O-O 9. c4 a6 10. Bxc6 bxc6 11. c5 Ne4 12. Bxe7 Qxe7 13. Nd2 Rab8 14. Qc2 e5
15. Nxe4 dxe4 16. Qxe4 Rxb2 17. Qxc6 exd4 18. exd4 Rd2 19. Qxa6 Rxd4 20. Rac1
Rd5 21. Qc6 Re5 22. h3 h6 23. a4 Rd8 24. f4 Re6 25. Qb7 c6 26. Qxe7 Rxe7 27.
Rfd1 Ra8 28. Rc4 Rea7 29. Rdd4 Kf8 30. Kf2 Ke8 31. Kf3 Rd8 32. Ke3 Rxd4 33.
Kxd4 Ke7 34. Rb4 g5 35. Ke4 gxf4 36. Kxf4 Rd7 37. a5 Ra7 38. Ra4 Ke6 39. Ke4
f5+ 40. Kd4 Ra6 41. g3 h5 42. Ra3 Kf6 43. h4 Ke6 44. Re3+ Kf6 45. Ra3 Ke6 46.
Kc4 Ke5 47. Re3+ Kf6 48. Kb4 f4 49. Rf3 Ke5 50. Rxf4 Ra8 51. Rf1 Ke4 52. Rf6
Ra6 53. Rh6 Kf3 54. Rxh5 Kxg3 55. Rh7 Kg4 56. Rb7 Kxh4 57. Rb6 Rxb6+ 58. cxb6
c5+ 59. Kxc5 1-0

[Event "Dimitrovgrad Chmp. 2024 open"]
[Site "Dimitrovgrad"]
[Date "2024.03.31"]
[Round "2"]
[White "Akimov, Gennadiy"]
[Black "Alachihin, Vladimir"]
[Result "0-1"]
[WhiteElo "1923"]
[BlackElo "2299"]
[PlyCount "78"]

1. e4 g6 2. Nf3 Bg7 3. d4 d6 4. Nc3 Nd7 5. Bc4 e5 6. dxe5 dxe5 7. Bg5 Ngf6 8.
Nd5 O-O 9. Nxf6+ Bxf6 10. h4 Qe7 11. Qd2 Nb6 12. Be2 Bg4 13. O-O-O Rad8 14.
Bxf6 Qxf6 15. Qg5 Qxg5+ 16. hxg5 Bxf3 17. Bxf3 Nc4 18. b3 Nd6 19. Rd5 Rde8 20.
Kb2 f6 21. gxf6 Rxf6 22. Re1 h5 23. Rd3 Kg7 24. g3 Ref8 25. Ree3 Kh6 26. c4 g5
27. c5 Nb5 28. a4 Nd4 29. Bd1 Rxf2+ 30. Ka3 a5 31. b4 axb4+ 32. Kxb4 Rb2+ 33.
Kc4 c6 34. Bb3 Rf1 35. Bd1 Rb1 36. Bb3 Rfc1+ 37. Rc3 Rxc3+ 38. Rxc3 Rxb3 39.
Rxb3 Nxb3 0-1

[Event "Dimitrovgrad Chmp. 2024 open"]
[Site "Dimitrovgrad"]
[Date "2024.03.31"]
[Round "2"]
[White "Beldyugin, Alexey"]
[Black "Rudnev, Yuri"]
[Result "0-1"]
[WhiteElo "2143"]
[BlackElo "1901"]
[PlyCount "56"]

1. Nf3 Nf6 2. g3 c6 3. Bg2 d5 4. b3 Bg4 5. Ne5 Bh5 6. Bb2 Nbd7 7. d4 e6 8. Nd2
Be7 9. O-O Nxe5 10. dxe5 Nd7 11. c4 f5 12. exf6 Bxf6 13. Qc2 O-O 14. e4 d4 15.
f4 e5 16. c5 b5 17. cxb6 axb6 18. Bh3 Nc5 19. Nc4 d3 20. Qf2 Be2 21. Rfe1 exf4
22. e5 fxg3 23. Qxg3 Bh4 24. Qe3 Bf2+ 25. Qxf2 Rxf2 26. Kxf2 Qh4+ 27. Kg2 Rf8
28. Nd2 Qg5+ 0-1

[Event "Dimitrovgrad Chmp. 2024 open"]
[Site "Dimitrovgrad"]
[Date "2024.03.31"]
[Round "2"]
[White "Lazutin, Valeriy"]
[Black "Zaletov, Yuri"]
[Result "0-1"]
[WhiteElo "1870"]
[BlackElo "2119"]
[PlyCount "56"]

1. c4 e5 2. Nc3 Nf6 3. g3 c6 4. Bg2 d5 5. b3 Bf5 6. Nf3 d4 7. Nh4 Bg4 8. h3 Be6
9. Ne4 Be7 10. Ng5 Bd7 11. Qc2 g6 12. Nhf3 Bf5 13. d3 Qc7 14. O-O O-O 15. Nh4
Bd7 16. e3 Nh5 17. exd4 exd4 18. Nhf3 c5 19. Re1 Bf6 20. Ne4 Bg7 21. Ba3 Na6
22. Bc1 Rae8 23. Bd2 f5 24. Neg5 h6 25. g4 Nf4 26. Nh4 Nxg2 27. Kxg2 hxg5 28.
Nxg6 Qc6+ 0-1

[Event "Dimitrovgrad Chmp. 2024 open"]
[Site "Dimitrovgrad"]
[Date "2024.03.31"]
[Round "2"]
[White "Bredihin, Dmitriy"]
[Black "Abramov, Gordey P."]
[Result "1-0"]
[WhiteElo "2111"]
[BlackElo "1512"]
[PlyCount "41"]

1. c4 c6 2. Nf3 Nf6 3. d4 d5 4. Nc3 e6 5. Bg5 Nbd7 6. e3 Be7 7. Bd3 dxc4 8.
Bxc4 b5 9. Bd3 Bb7 10. e4 b4 11. Na4 c5 12. Nxc5 Nxc5 13. dxc5 Qa5 14. O-O O-O
15. Qe2 Rac8 16. e5 Nd5 17. Qe4 f5 18. exf6 Bxf6 19. Qxh7+ Kf7 20. Bg6+ Ke7 21.
Qxg7+ 1-0

[Event "Dimitrovgrad Chmp. 2024 open"]
[Site "Dimitrovgrad"]
[Date "2024.03.31"]
[Round "2"]
[White "Shaykin, Andrey"]
[Black "Kuprikov, Alexey"]
[Result "1/2-1/2"]
[WhiteElo "1446"]
[BlackElo "1416"]
[PlyCount "79"]

1. e4 e6 2. Nf3 d5 3. exd5 exd5 4. d4 Nf6 5. Bf4 Be7 6. Bd3 Bg4 7. h3 Bh5 8.
Nbd2 c6 9. c3 Nbd7 10. Qc2 Bg6 11. O-O O-O 12. Ne5 Nh5 13. Bh2 Bxd3 14. Qxd3 g6
15. f4 Ng7 16. g4 f6 17. Nxd7 Qxd7 18. Rae1 Rae8 19. Re2 c5 20. c4 Ne6 21. dxc5
Bxc5+ 22. Kh1 Nc7 23. Nb3 Qc6 24. Rg2 Re3 25. cxd5 Nxd5 26. Qc4 Bb6 27. Qxc6
bxc6 28. h4 Nb4 29. Nc1 Rfe8 30. Bg3 Kf7 31. Kh2 Nd5 32. Rc2 R3e6 33. f5 Ne3
34. fxe6+ Rxe6 35. Rcf2 Nxg4+ 36. Kh3 Nxf2+ 37. Bxf2 Kg7 38. Bxb6 axb6 39. Kg3
g5 40. a3 1/2-1/2

[Event "Dimitrovgrad Chmp. 2024 open"]
[Site "Dimitrovgrad"]
[Date "2024.03.31"]
[Round "2"]
[White "Ataev, Gasan"]
[Black "Kiselev, Artem"]
[Result "0-1"]
[WhiteElo "1055"]
[BlackElo "1476"]
[PlyCount "114"]

1. e4 c5 2. d4 cxd4 3. Qxd4 d6 4. Bc4 Nd7 5. Bg5 Ngf6 6. Nf3 e6 7. e5 dxe5 8.
Nxe5 Qa5+ 9. Nc3 Qxe5+ 10. Qxe5 Nxe5 11. Be2 Be7 12. O-O-O O-O 13. Be3 b6 14.
Bf4 Nc6 15. Bf3 Bb7 16. h4 Rad8 17. g4 Bc5 18. g5 Nd7 19. Bc7 Bxf2 20. Bxd8
Rxd8 21. h5 Be3+ 22. Kb1 Bxg5 23. Nb5 a6 24. Nd4 Nxd4 25. Bxb7 Nc5 26. Bg2 Nf5
27. Rxd8+ Bxd8 28. b4 Na4 29. Rh3 g6 30. hxg6 hxg6 31. Bb7 Be7 32. Rb3 a5 33.
c3 Nd6 34. Bc6 axb4 35. Bxa4 b5 36. Bxb5 Nxb5 37. cxb4 g5 38. Rg3 f5 39. a4 f4
40. Rf3 Nd4 41. Rd3 e5 42. b5 Bc5 43. Rc3 Bb6 44. Ra3 Ba5 45. Kc1 g4 46. Ra2
Bb4 47. b6 f3 48. b7 Bd6 49. Kd1 g3 50. Ke1 Kf7 51. Rb2 Bb8 52. Rb6 e4 53. Rb2
e3 54. a5 g2 55. Rf2 g1=Q+ 56. Rf1 f2+ 57. Kd1 Qxf1# 0-1

[Event "Dimitrovgrad Chmp. 2024 open"]
[Site "Dimitrovgrad"]
[Date "2024.03.31"]
[Round "2"]
[White "Merzlyakov, Alexandr"]
[Black "Predke, Nikolay"]
[Result "1/2-1/2"]
[WhiteElo "1000"]
[BlackElo "1150"]
[PlyCount "105"]

1. e4 e5 2. Nf3 Nc6 3. d3 Nf6 4. Bg5 h6 5. Bh4 Bc5 6. Nxe5 Nxe5 7. d4 Ng6 8. e5
Nxh4 9. exf6 Qxf6 10. dxc5 O-O 11. g3 Ng6 12. Be2 Qxb2 13. Nd2 Qf6 14. O-O d6
15. cxd6 Qxd6 16. Nc4 Qc6 17. Ne3 Ne5 18. f4 Ng6 19. Bf3 Qb6 20. Qe2 Bh3 21.
Rfb1 Qe6 22. Bxb7 Rab8 23. Bg2 Rxb1+ 24. Rxb1 Qxa2 25. Rb7 Bxg2 26. Qxg2 Qa1+
27. Kf2 Qd4 28. Rxc7 Qd2+ 29. Kf3 Qxg2+ 30. Kxg2 Ra8 31. c4 a5 32. c5 a4 33. c6
a3 34. Nc2 a2 35. Na1 Kf8 36. Rb7 Ke8 37. c7 Rc8 38. Kf3 Kd7 39. Ra7 Rxc7 40.
Rxa2 Rc3+ 41. Kg4 Ne7 42. Ra7+ Rc7 43. Rxc7+ Kxc7 44. Nc2 Nd5 45. Nd4 Ne3+ 46.
Kh5 Nf1 47. Nf3 Kd6 48. g4 Kd5 49. g5 hxg5 50. Nxg5 Nxh2 51. Nxf7 Ke4 52. Kg6
Kxf4 53. Kxg7 1/2-1/2

[Event "Dimitrovgrad Chmp. 2024 open"]
[Site "Dimitrovgrad"]
[Date "2024.03.31"]
[Round "3"]
[White "Alachihin, Vladimir"]
[Black "Volgarev, Denis"]
[Result "1-0"]
[WhiteElo "2299"]
[BlackElo "1930"]
[PlyCount "101"]

1. d4 Nf6 2. Nf3 e6 3. c4 d5 4. Nc3 Bb4 5. a3 Bxc3+ 6. bxc3 Ne4 7. Qc2 O-O 8.
e3 Nd7 9. Bd3 f5 10. O-O b6 11. cxd5 exd5 12. c4 Bb7 13. a4 c5 14. cxd5 Bxd5
15. Bc4 Ndf6 16. dxc5 Bxc4 17. Qxc4+ Qd5 18. Qxd5+ Nxd5 19. c6 Rac8 20. Nd4 Rf6
21. Ba3 Kf7 22. Rfc1 g6 23. f3 Nec3 24. Bb2 Rfxc6 25. Nxc6 Rxc6 26. Bxc3 Rxc3
27. Rxc3 Nxc3 28. Kf2 Ke6 29. Ra3 Nd5 30. Ke2 Kd6 31. Ra1 Kc5 32. Kd3 Kb4 33.
Kd4 Nc3 34. e4 Ne2+ 35. Ke5 fxe4 36. fxe4 Nc3 37. Kd4 Ne2+ 38. Ke3 Nc3 39. e5
Nd5+ 40. Kd4 Ne7 41. e6 Nf5+ 42. Ke5 Kc5 43. Rc1+ Kb4 44. Rc7 Kxa4 45. Rxa7+
Kb5 46. Rxh7 Kc6 47. g4 Nd6 48. Rd7 Nc4+ 49. Kf6 b5 50. Rd3 b4 51. e7 1-0

[Event "Dimitrovgrad Chmp. 2024 open"]
[Site "Dimitrovgrad"]
[Date "2024.03.31"]
[Round "3"]
[White "Zaletov, Yuri"]
[Black "Rudnev, Yuri"]
[Result "1-0"]
[WhiteElo "2119"]
[BlackElo "1901"]
[PlyCount "45"]

1. e4 d5 2. exd5 Qxd5 3. Nc3 Qa5 4. d4 c6 5. Nf3 Nf6 6. Bc4 e6 7. O-O Be7 8.
Qe2 O-O 9. Bd2 Qc7 10. Rfe1 b5 11. Bd3 Nbd7 12. Ne5 Bb7 13. Bf4 Bd6 14. Bxb5
Bxe5 15. Bxe5 Nxe5 16. dxe5 cxb5 17. exf6 gxf6 18. Qg4+ Kh8 19. Qh4 Rg8 20.
Qxf6+ Rg7 21. Re3 Rag8 22. Rg3 b4 23. Rd1 1-0

[Event "Dimitrovgrad Chmp. 2024 open"]
[Site "Dimitrovgrad"]
[Date "2024.03.31"]
[Round "3"]
[White "Beldyugin, Alexey"]
[Black "Bredihin, Dmitriy"]
[Result "1/2-1/2"]
[WhiteElo "2143"]
[BlackElo "2111"]
[PlyCount "98"]

1. c4 Nf6 2. g3 c6 3. Bg2 d5 4. Nf3 Bf5 5. cxd5 cxd5 6. d3 Nc6 7. O-O h6 8. Qb3
Qd7 9. Bf4 e6 10. Nc3 Be7 11. Rfc1 O-O 12. a3 Rfc8 13. Qa4 a6 14. Qd1 b5 15.
Rc2 Bd6 16. Bxd6 Qxd6 17. Rac1 e5 18. b4 Be6 19. Nb1 Nd7 20. Nfd2 Ne7 21. Nb3
Rxc2 22. Rxc2 Rc8 23. Rxc8+ Nxc8 24. Qc2 Ncb6 25. N1d2 Na4 26. Na5 Ndb6 27. Kf1
Bd7 28. Ke1 Kf8 29. Ndb3 Ke7 30. Nb7 Qc6 31. Qxc6 Bxc6 32. N7c5 Kd6 33. Kd2 Nd7
34. Nxa4 bxa4 35. Na5 Bb5 36. Bh3 Kc7 37. Bxd7 Bxd7 38. e4 d4 39. Nc4 f6 40. f4
Bb5 41. Nb2 g5 42. fxg5 fxg5 43. Ke2 Kd6 44. Kf3 h5 45. g4 h4 46. Ke2 Ke7 47.
Nd1 Bd7 48. Nf2 Kf6 49. Kf3 Bb5 1/2-1/2

[Event "Dimitrovgrad Chmp. 2024 open"]
[Site "Dimitrovgrad"]
[Date "2024.03.31"]
[Round "3"]
[White "Kiselev,  Artem"]
[Black "Akimov, Gennadiy"]
[Result "0-1"]
[WhiteElo "1476"]
[BlackElo "1923"]
[PlyCount "62"]

1. d4 d5 2. c4 e6 3. Nc3 Nf6 4. Nf3 c6 5. e3 Bb4 6. Qb3 Qe7 7. a3 Bd6 8. Bd3
O-O 9. O-O h6 10. Qc2 Nbd7 11. b3 e5 12. dxe5 Nxe5 13. Nxe5 Bxe5 14. Bb2 dxc4
15. Bxc4 Be6 16. Bxe6 Qxe6 17. h3 Rad8 18. Rad1 Bc7 19. Ne2 Rfe8 20. Nd4 Qe4
21. Qc5 Qe5 22. Qxe5 Bxe5 23. f4 Bc7 24. Kf2 Ne4+ 25. Kf3 g6 26. Ne2 Nd2+ 27.
Rxd2 Rxd2 28. Bc3 Rd3 29. Bd4 Bb6 30. Re1 Bxd4 31. Nxd4 Rxd4 0-1

[Event "Dimitrovgrad Chmp. 2024 open"]
[Site "Dimitrovgrad"]
[Date "2024.03.31"]
[Round "3"]
[White "Tyamanov, Andrey"]
[Black "Guliev, Fahraddin"]
[Result "0-1"]
[WhiteElo "1250"]
[BlackElo "1807"]
[PlyCount "36"]

1. e4 e5 2. Nf3 Nc6 3. d4 exd4 4. Nxd4 Nxd4 5. Qxd4 d6 6. Nc3 Nf6 7. f4 Be7 8.
Be3 O-O 9. O-O-O Bg4 10. Be2 Bxe2 11. Nxe2 Ng4 12. e5 Nxe3 13. Qxe3 Qc8 14. h4
Qe6 15. Nd4 Qxa2 16. exd6 Bxd6 17. Qb3 Bxf4+ 18. Rd2 Qa1# 0-1

[Event "Dimitrovgrad Chmp. 2024 open"]
[Site "Dimitrovgrad"]
[Date "2024.03.31"]
[Round "3"]
[White "Kuprikov, Alexey"]
[Black "Lazytin, Valeriy"]
[Result "0-1"]
[WhiteElo "1416"]
[BlackElo "1870"]
[PlyCount "62"]

1. e4 c6 2. d4 d5 3. e5 Bf5 4. Nf3 h6 5. Be2 e6 6. Nbd2 c5 7. c3 Nc6 8. Nb3 Qc7
9. Nh4 Bh7 10. f4 cxd4 11. cxd4 Bb4+ 12. Bd2 Qb6 13. Bxb4 Qxb4+ 14. Qd2 Nge7
15. Qxb4 Nxb4 16. O-O O-O 17. a3 Nc2 18. Rac1 Rac8 19. Bd1 Ne3 20. Re1 Nxd1 21.
Rexd1 Bc2 22. Nc5 Bxd1 23. Rxd1 b6 24. Nd3 Rc2 25. Nf3 Rfc8 26. Kf1 Nf5 27. Re1
R8c4 28. b3 R4c3 29. Nb4 Rb2 30. h3 Ne3+ 31. Kg1 Nxg2 0-1

[Event "Dimitrovgrad Chmp. 2024 open"]
[Site "Dimitrovgrad"]
[Date "2024.03.31"]
[Round "3"]
[White "Shaykin, Andrey"]
[Black "Predke, Nikolay"]
[Result "1-0"]
[WhiteElo "1446"]
[BlackElo "1150"]
[PlyCount "65"]

1. e4 e5 2. Nf3 Nc6 3. Bc4 Bc5 4. d3 Nf6 5. O-O d5 6. exd5 Nxd5 7. Ng5 O-O 8.
Ne4 Be7 9. Nbc3 Be6 10. Nxd5 Bxd5 11. Bxd5 Qxd5 12. Qf3 Qe6 13. Be3 Nb4 14. Nc5
Bxc5 15. Bxc5 Nxa2 16. Bxf8 Rxf8 17. c3 b6 18. Qe4 Qb3 19. Rfb1 f5 20. Qc4+
Qxc4 21. dxc4 Nxc3 22. bxc3 a5 23. c5 bxc5 24. Rxa5 Rd8 25. Rxc5 e4 26. Rxf5 h6
27. h3 Rd2 28. Rb7 Rd1+ 29. Kh2 Rd2 30. Rxc7 Rc2 31. Rff7 g5 32. Rfe7 Rxf2 33.
Rxe4 1-0

[Event "Dimitrovgrad Chmp. 2024 open"]
[Site "Dimitrovgrad"]
[Date "2023.04.06"]
[Round "4"]
[White "Zaletov, Yuri"]
[Black "Alachihin, Vladimir"]
[Result "1/2-1/2"]
[WhiteElo "2119"]
[BlackElo "2299"]
[PlyCount "47"]

1. e4 e5 2. Bc4 Nc6 3. Nf3 Bc5 4. b4 Bxb4 5. c3 Bd6 6. d4 Nf6 7. O-O O-O 8. Bg5
h6 9. Bh4 Be7 10. Bxf6 Bxf6 11. dxe5 Nxe5 12. Nxe5 Bxe5 13. f4 Bd6 14. Qh5 Qe7
15. e5 Bc5+ 16. Kh1 d6 17. Nd2 Be6 18. Rae1 Bxc4 19. Nxc4 Rae8 20. Rf3 Qe6 21.
Rg3 Bf2 22. Rg4 f5 23. Rg6 Qxc4 24. Rxh6 1/2-1/2

[Event "Dimitrovgrad Chmp. 2024 open"]
[Site "Dimitrovgrad"]
[Date "2024.04.06"]
[Round "4"]
[White "Volgarev, Denis"]
[Black "Lazutin, Valeriy"]
[Result "0-1"]
[WhiteElo "1930"]
[BlackElo "1870"]
[PlyCount "100"]

1. d4 d5 2. Nf3 c6 3. c4 Nf6 4. Nc3 e6 5. g3 Bd6 6. c5 Bc7 7. Bg2 Nbd7 8. O-O
O-O 9. Re1 b6 10. b4 a5 11. cxb6 Bxb6 12. Ba3 axb4 13. Bxb4 c5 14. dxc5 Bxc5
15. Bxc5 Nxc5 16. Qd4 Qa5 17. Ne5 Na4 18. Qxa4 Qxa4 19. Nxa4 Rxa4 20. Rec1 Ba6
21. e3 g6 22. Bf1 Bxf1 23. Kxf1 Kg7 24. Rc2 Ra3 25. Rb1 Ne4 26. Rb7 Kg8 27. Nd7
Rd8 28. Rb8 Rxb8 29. Nxb8 Nc3 30. Nd7 Kg7 31. Ne5 f6 32. Nd7 Kf7 33. Nb6 Ke7
34. Nc8+ Kd7 35. Nb6+ Kd6 36. Nc8+ Kc5 37. Na7 e5 38. Nc8 d4 39. exd4+ exd4 40.
Ke1 d3 41. Rb2 Nxa2 42. Kd2 Nb4 43. Ne7 Kc4 44. Ng8 f5 45. Nf6 Nc6 46. Nxh7 Nd4
47. Ng5 Nb3+ 48. Ke3 Kc3 49. Rb1 Kc2 50. Rh1 d2 0-1

[Event "Dimitrovgrad Chmp. 2024 open"]
[Site "Dimitrovgrad"]
[Date "2023.04.06"]
[Round "4"]
[White "Rudnev, Yuri"]
[Black "Bredihin, Dmitriy"]
[Result "1/2-1/2"]
[WhiteElo "1901"]
[BlackElo "2111"]
[PlyCount "68"]

1. e4 c5 2. Nf3 Nc6 3. d4 cxd4 4. Nxd4 Qb6 5. Nb3 Nf6 6. Nc3 e6 7. Be3 Qc7 8.
a3 a6 9. f4 d6 10. Be2 b5 11. O-O Be7 12. Bf3 Bb7 13. Qd2 O-O 14. Qf2 Nd7 15.
g4 Na5 16. Nxa5 Qxa5 17. Ne2 Rac8 18. c3 Qc7 19. Rad1 Nc5 20. Qg2 Rfd8 21. g5
Na4 22. Rd2 Nb6 23. Bxb6 Qxb6+ 24. Kh1 e5 25. Rfd1 exf4 26. Nxf4 Qe3 27. Nh3
Re8 28. Re2 Qc5 29. Rg1 Qe5 30. Nf2 Qf4 31. Nd3 Qh4 32. Ne1 Qf4 33. Nd3 Qh4 34.
Ne1 Qg4 1/2-1/2

[Event "Dimitrovgrad Chmp. 2024 open"]
[Site "Dimitrovgrad"]
[Date "2024.04.06"]
[Round "4"]
[White "Akimov, Gennadiy"]
[Black "Guliev, Fahraddin"]
[Result "1-0"]
[WhiteElo "1923"]
[BlackElo "1807"]
[PlyCount "73"]

1. e4 e5 2. Nc3 Bc5 3. Bc4 Nf6 4. d3 d6 5. f3 Nh5 6. g3 Nf6 7. Qe2 Nc6 8. Be3
Nd4 9. Bxd4 Bxd4 10. Qd2 a6 11. Nge2 Ba7 12. O-O-O b5 13. Bb3 c5 14. Nd5 h6 15.
Nxf6+ Qxf6 16. Bd5 Rb8 17. Bc6+ Bd7 18. Bxd7+ Kxd7 19. Nc3 Rhd8 20. f4 exf4 21.
Nd5 Qe6 22. Qxf4 f6 23. g4 Qe5 24. Qf5+ Qe6 25. c3 Rbc8 26. Rhf1 b4 27. c4 a5
28. Rd2 a4 29. h4 Qxf5 30. Rxf5 Re8 31. g5 hxg5 32. hxg5 Re5 33. gxf6 Rxf5 34.
exf5 gxf6 35. Nxf6+ Ke7 36. Nd5+ Kf7 37. Rh2 1-0

[Event "Dimitrovgrad Chmp. 2024 open"]
[Site "Dimitrovgrad"]
[Date "2024.04.06"]
[Round "4"]
[White "Merzlyakov, Alexandr"]
[Black "Beldygin, Alexey"]
[Result "0-1"]
[WhiteElo "1000"]
[BlackElo "2143"]
[PlyCount "100"]

1. e4 d5 2. exd5 Qxd5 3. Nc3 Qd8 4. Nf3 g6 5. Bc4 Bg7 6. O-O Nh6 7. d4 Nf5 8.
Be3 O-O 9. Ne2 Nd7 10. c3 Nb6 11. Bd3 c6 12. Qd2 Nxe3 13. Qxe3 Bg4 14. h3 Nd5
15. Qg5 Bxf3 16. gxf3 e5 17. Qxd8 Raxd8 18. Rad1 exd4 19. Nxd4 Bxd4 20. cxd4
Nf4 21. Bc4 Nxh3+ 22. Kh2 Nf4 23. Kg3 Nh5+ 24. Kg4 Rd7 25. d5 cxd5 26. Bb3 d4
27. Rd2 Rfd8 28. Rfd1 Kg7 29. f4 f5+ 30. Kg5 h6+ 31. Kh4 Nxf4 32. Kg3 g5 33. f3
d3 34. Bc2 Ne2+ 35. Kf2 dxc2 36. Rxd7+ Rxd7 37. Rxd7+ Kg6 38. Rc7 c1=Q 39. Rxc1
Nxc1 40. a3 Nd3+ 41. Ke3 Nxb2 42. Kf2 b5 43. Kg3 Nc4 44. f4 Nxa3 45. fxg5 b4
46. gxh6 b3 47. h7 Kxh7 48. Kf4 b2 49. Kxf5 b1=Q+ 50. Ke5 Kg6 0-1

[Event "Dimitrovgrad Chmp. 2024 open"]
[Site "Dimitrovgrad"]
[Date "2024.04.06"]
[Round "4"]
[White "Shaykin, Andrey"]
[Black "Kiselev, Artem"]
[Result "1/2-1/2"]
[WhiteElo "1446"]
[BlackElo "1476"]
[PlyCount "93"]

1. e4 c5 2. Nf3 d6 3. d3 e6 4. Be2 Nf6 5. c3 Be7 6. O-O O-O 7. h3 a6 8. a4 b6
9. Be3 Bb7 10. Nh2 c4 11. f3 cxd3 12. Bxd3 Nbd7 13. Nd2 d5 14. exd5 Nxd5 15.
Bf2 N7f6 16. Ne4 Qc7 17. Nxf6+ Nxf6 18. Qb3 Rfd8 19. Bxb6 Bc5+ 20. Bxc5 Qxc5+
21. Kh1 Rab8 22. Qc2 h6 23. Rfd1 Nh5 24. Nf1 Kh8 25. b4 Qg5 26. Be4 Nf4 27.
Rxd8+ Qxd8 28. Bxb7 Rxb7 29. Qe4 Qc7 30. b5 axb5 31. axb5 Rxb5 32. Ra8+ Rb8 33.
Rxb8+ Qxb8 34. c4 Kg8 35. c5 Nd5 36. Nd2 Qb2 37. Nc4 Qb5 38. Qd4 Kf8 39. Ne3
Qc6 40. Nxd5 Qxd5 41. Qb4 Ke7 42. c6+ Qd6 43. Qb7+ Kf6 44. c7 Qd1+ 45. Kh2 Qd6+
46. Kg1 Qd1+ 47. Kf2 1/2-1/2

[Event "Dimitrovgrad Chmp. 2024 open"]
[Site "Dimitrovgrad"]
[Date "2023.04.06"]
[Round "4"]
[White "Abramov, Gordey P."]
[Black "Kuprikov, Alexey"]
[Result "0-1"]
[WhiteElo "1512"]
[BlackElo "1416"]
[PlyCount "76"]

1. c4 e6 2. Nc3 f5 3. g3 Nf6 4. d3 c6 5. Bg2 d5 6. cxd5 exd5 7. d4 Be7 8. Bf4
O-O 9. Nf3 Nbd7 10. O-O Ne4 11. Be5 Bf6 12. Bxf6 Ndxf6 13. Ne5 Re8 14. e3 Be6
15. Qc2 Nd7 16. Rfd1 Qf6 17. Nxd7 Bxd7 18. Qb3 Rab8 19. Rac1 Qe6 20. a4 g5 21.
f4 Nxg3 22. hxg3 Qxe3+ 23. Kh2 Re6 24. fxg5 f4 25. gxf4 Qxf4+ 26. Kg1 Qe3+ 27.
Kh1 Qg3 28. Qc2 Rbe8 29. Qd2 Re3 30. Rf1 Bh3 31. Qf2 Bxg2+ 32. Qxg2 Qh4+ 33.
Kg1 Rg3 34. Qxg3 Qxg3+ 35. Kh1 Re3 36. Rc2 Qg4 37. Rg2 Qh4+ 38. Kg1 Qxd4 0-1